Länder mit den längsten Tunneln - Statistiken

Allgemein
  • Dieses Quiz wurde 61 mal gespielt
  • Das Durchschnittsergebnis liegt bei 13 aus 15
Antwortstatistiken
Name Länge Antwort % Korrekt
Linie 6 der U-Bahn Chengdu 68.223 China
100%
Eurotunnel 50.450 Frankreich
100%
Vereinigtes Königreich
96%
Serpuchowsko-Timirjasewskaja-Linie 41.500 Russland
94%
Seikan-Tunnel 53.850 Japan
93%
Lærdalstunnel 24.510 Norwegen
93%
Gotthard-Basistunnel 57.104 Schweiz
91%
U-Bahn-Linie U7 31.800 Deutschland
89%
Italien
89%
Mount-Macdonald-Tunnel 14.723 Kanada
89%
Päijäänne-Tunnel 119.600 Finnland
85%
Yulhyeon-Tunnel 50.300 Südkorea
85%
Koralmtunnel 32.645 Österreich
83%
MetroSur 40.960 Spanien
74%
Kamchiq-Tunnel 19.200 Usbekistan
20%
Keine übereinstimmenden Quizze gefunden
Verteilung der Resultate
Anzahl Personen mit jedem Resultat
Perzentil nach korrekt beantworteten Fragen
Ihre Resultats-Entwicklung
Sie haben dieses Quiz noch nicht gespielt